000 01042nam a2200301Mi 4500
005 20150507102335.0
008 150507s2012 sp ad fr 00| 0 spa d
020 _a9788473604796
020 _a8473604792
035 _a(OCoLC)780233648
040 _aCO-BoUCM
_bspa
_cJose A. Gerena
_dJose A. Gerena
041 _aspa
100 1 _aCortés Díaz, José María
_968688
245 1 0 _aTécnicas de prevención de riesgos laborales
_bseguridad e higiene en el trabajo
_cJosé María Cortés Díaz
250 _a10a ed
260 _aMadrid (España)
_bTébar
_c2012
300 _a882 páginas
504 _aIncluye referencias bibliográficas
650 7 _aRiesgos laborales
_923801
650 7 _aSalud ocupacional
_923954
650 7 _aHigiene industrial
_916833
650 7 _aRiesgos laborales
_923801
_xLegislación
650 7 _aSeguridad industrial
_924101
650 7 _aErgonomía
_914713
690 _942900
_aProblemas sociales
942 _2DEWEY
_a5
_cLIBRO
_e10
_h363.11
_mC828
999 _c273666
_d273666